000 00315nam a2200145Ia 4500
005 20250423100309.0
008 250422s9999 xx 000 0 und d
020 _a9789789128167
245 0 _aNEITI Handbook
260 _aAbuja
260 _bNEITI Secretariat
260 _c2011
300 _a56 p
942 _cBK
999 _c32877
_d32877